|
|
|
|
| LEADER |
00000nam a2200000 i 4500 |
| 001 |
DIGUNINOR0436 |
| 003 |
NyNyDIG |
| 007 |
cr ||||||||||| |
| 008 |
220706s2022 ck a ob 000 0 spa d |
| 006 |
m o d |
| 035 |
|
|
|a (OCoLC)1350508302
|
| 040 |
|
|
|a DGITA
|b eng
|e rda
|e pn
|c DGITA
|
| 020 |
|
|
|a 9789587893281
|q eBook
|
| 043 |
|
|
|a ncpn---
|
| 050 |
1 |
4 |
|a F1576.P2 ebook
|
| 100 |
1 |
|
|a Hernández Mora, Iosvany,
|e author.
|
| 245 |
1 |
0 |
|a Arqueología en la catedral de Panamá (1519-1671) :
|b interacción funeraria en una arteria del imperio español /
|c Iosvany Hernández Mora.
|
| 264 |
|
1 |
|a Barranquilla, Colombia :
|b Editorial Universidad del Norte,
|c [2022]
|
| 300 |
|
|
|a 1 online resource :
|b color illustrations.
|
| 336 |
|
|
|a text
|b txt
|2 rdacontent
|
| 337 |
|
|
|a computer
|b c
|2 rdamedia
|
| 338 |
|
|
|a online resource
|b cr
|2 rdacarrier
|
| 347 |
|
|
|a text file
|2 rdaft
|
| 347 |
|
|
|b PDF
|
| 504 |
|
|
|a Includes bibliographical references.
|
| 588 |
0 |
|
|a Online resource; title from PDF title page (Digitalia, viewed July 6, 2022)
|
| 650 |
|
0 |
|a Excavations (Archaeology)
|z Panama.
|
| 650 |
|
0 |
|a Panama (Panama)
|x Antiquities.
|
| 651 |
|
0 |
|a Panama (Panama)
|x Buildings, structures, etc.
|
| 610 |
2 |
0 |
|a Catedral de Panamá.
|
| 655 |
|
0 |
|a Electronic books.
|
| 791 |
2 |
|
|a Digitalia (Firm),
|e distributor.
|
| 793 |
0 |
|
|g Digitalia eBook Collection:
|a Ediciones Uninorte
|
| 856 |
4 |
0 |
|3 Digitalia Hispánica
|u https://www.digitaliapublishing.com/a/111701/
|
| 910 |
|
|
|a Premium collection: 2022
|